Southville International School and Colleges
Your cart is empty.
  • Cart
  • Lists
    Public lists Eva Luna New books Lux_list list_1
    Your lists Log in to create your own lists
  • Log in to your account
  • Your cookies
  • Search history
Southville International School and Colleges
  • Advanced search
  • Recent comments
  • Most popular
  • Libraries

Log in to your account

Log in with GOOGLE


If you do not have an external account, but do have a local account, you can still log in:

  1. Home
  2. MARC view: Olive, the other reindeer /
Normal view MARC view ISBD view

Olive, the other reindeer / (Record no. 341564)

[ view plain ]
MARC details
000 -LEADER
fixed length control field 00451nam a2200181Ia 4500
008 - FIXED-LENGTH DATA ELEMENTS--GENERAL INFORMATION
fixed length control field 170918s9999 xx 000 0 und d
020 ## - INTERNATIONAL STANDARD BOOK NUMBER
International Standard Book Number 590689517
050 ## - LIBRARY OF CONGRESS CALL NUMBER
Item number S457 2007
100 ## - MAIN ENTRY--PERSONAL NAME
Personal name Seibold, J. Otto
245 ## - TITLE STATEMENT
Title Olive, the other reindeer /
245 ## - TITLE STATEMENT
Statement of responsibility, etc J. Otto Seibold and Vivian Walsh.
260 ## - PUBLICATION, DISTRIBUTION, ETC. (IMPRINT)
Place of publication, distribution, etc New York :
260 ## - PUBLICATION, DISTRIBUTION, ETC. (IMPRINT)
Name of publisher, distributor, etc Scholastic,
300 ## - PHYSICAL DESCRIPTION
Extent unpaged :
300 ## - PHYSICAL DESCRIPTION
Other physical details colored illustration ;
300 ## - PHYSICAL DESCRIPTION
Dimensions 24cm.
500 ## - GENERAL NOTE
General note 540
Holdings
Withdrawn status Lost status Damaged status Home library Current library Date acquired Total Checkouts Full call number Barcode Date last seen Price effective from Koha item type
      Stonyhurst Southville International School (Malarayat) Stonyhurst Southville International School (Malarayat) 09/18/2017   LEX S457 2007 SSISM0636 09/18/2017 09/18/2017 Lexile

Olive, the other reindeer /

APA

Seibold J. O., .Olive, the other reindeer. New York: .

Chicago

Seibold J Otto, .Olive, the other reindeer. New York: .

Harvard

Seibold J. O., .Olive, the other reindeer. New York: .

MLA

Seibold J Otto, .New York: . .

  • Place hold
  • Print
  • Cite
  • Add to your cart (remove)
  • Save record
    BIBTEX Dublin Core MARCXML MARC (non-Unicode/MARC-8) MARC (Unicode/UTF-8) MARC (Unicode/UTF-8, Standard) MODS (XML) RIS
  • More searches
    Search for this title in:
    Other Libraries (WorldCat) Other Databases (Google Scholar) Online Stores (Bookfinder.com) Open Library (openlibrary.org)

Exporting to Dublin Core...

SOUTHVILLE LIBRARY

Southville International School and Colleges Library

1281 Tropical Ave. Cor. Luxembourg St., BF Homes International, Las Pinas City

Tel. No. 8256374 / 252358 Loc. 117/146

Powered by Koha